000 00703nam a2200265Ia 4500
003 OSt
005 20221007110829.0
006 a|||||r|||| 00| 0
007 ta
008 221006b |||||||| |||| 00| 0 eng d
020 _a8187197161
024 _a21,951
037 _cTextual
040 _aLCO
_cLCO
_beng
041 _2eng
_aeng
082 _aX7292qM99:g, P7
100 _aBasu M.N.
245 0 _aIndian Stamp Act
_b Act II of 1899 Revised by N.N. Basu
250 _a9th
260 _aNew
_bDelhi Orient Publishing Company India
_c2007
300 _a1559
650 _aSTAMP ACT
942 _hX7292qM99:g, P7
_cTEXL
999 _c1191514
_d1191514